00474nam a2200181Ia 450000500170000000800410001702000100005804000190006804100120008708200160009910000210011524500600013626000370019630000150023350400190024865000150026785000100028220240322122016.0131103s9999 xx 000 0 und d cRs.10 aLoreto College aEnglish a155.4 bDIN aDinkmeyer, Don C aChild Developmentb The Emerging Self cDon C Dinkmeyer aNew DelhibPrentice - Hallc1967 aix,,434p.  aIncludes index aPsychology aLCBED